<?xml version="1.0" encoding="UTF-8"?>
<record
    xmlns:xsi="http://www.w3.org/2001/XMLSchema-instance"
    xsi:schemaLocation="http://www.loc.gov/MARC21/slim http://www.loc.gov/standards/marcxml/schema/MARC21slim.xsd"
    xmlns="http://www.loc.gov/MARC21/slim">

  <leader>00827cam a22002892i 4500</leader>
  <controlfield tag="001">.b19155840</controlfield>
  <controlfield tag="003">YEEZEN</controlfield>
  <controlfield tag="005">20250729142816.0</controlfield>
  <controlfield tag="008">241105s2024    ch     e      000 0 chi d</controlfield>
  <datafield tag="020" ind1=" " ind2=" ">
    <subfield code="a">9786267520390</subfield>
    <subfield code="q">(&#x5E73;&#x88DD;) :</subfield>
    <subfield code="c">NT$420</subfield>
  </datafield>
  <datafield tag="040" ind1=" " ind2=" ">
    <subfield code="a">CIP</subfield>
    <subfield code="b">chi</subfield>
    <subfield code="d">NTOU</subfield>
    <subfield code="c">CIP</subfield>
  </datafield>
  <datafield tag="042" ind1=" " ind2=" ">
    <subfield code="a">nbic</subfield>
  </datafield>
  <datafield tag="082" ind1=" " ind2=" ">
    <subfield code="a">733.9/127.69</subfield>
  </datafield>
  <datafield tag="090" ind1=" " ind2=" ">
    <subfield code="a">733.9/127.69</subfield>
  </datafield>
  <datafield tag="100" ind1="1" ind2=" ">
    <subfield code="a">&#x9673;&#x8CB4;&#x82B3;</subfield>
  </datafield>
  <datafield tag="245" ind1="1" ind2="0">
    <subfield code="a">&#x53F0;&#x5357;&#x8001;&#x5E97;&#x6563;&#x6B65; :</subfield>
    <subfield code="b">&#x56DE;&#x5473;&#x672C;&#x753A;&#x6469;&#x767B;&#x8001;&#x6642;&#x5149; /</subfield>
    <subfield code="c">&#x9673;&#x8CB4;&#x82B3;(&#x9C77;&#x9B5A;)&#x6587;.&#x5716;</subfield>
  </datafield>
  <datafield tag="246" ind1="3" ind2="0">
    <subfield code="a">&#x81FA;&#x5357;&#x8001;&#x5E97;&#x6563;&#x6B65;</subfield>
  </datafield>
  <datafield tag="246" ind1="3" ind2="0">
    <subfield code="a">&#x56DE;&#x5473;&#x672C;&#x753A;&#x6469;&#x767B;&#x8001;&#x6642;&#x5149;</subfield>
  </datafield>
  <datafield tag="250" ind1=" " ind2=" ">
    <subfield code="a">&#x4E8C;&#x7248;</subfield>
  </datafield>
  <datafield tag="260" ind1=" " ind2=" ">
    <subfield code="a">&#x81FA;&#x5317;&#x5E02; :</subfield>
    <subfield code="b">&#x99AC;&#x53EF;&#x5B5B;&#x7F85;&#x6587;&#x5316;,</subfield>
    <subfield code="c">2024.12</subfield>
  </datafield>
  <datafield tag="300" ind1=" " ind2=" ">
    <subfield code="a">153&#x9762; :</subfield>
    <subfield code="b">&#x5F69;&#x5716; ;</subfield>
    <subfield code="c">22&#x516C;&#x5206;</subfield>
  </datafield>
  <datafield tag="490" ind1="1" ind2=" ">
    <subfield code="a">&#x65C5;&#x4EBA;&#x4E4B;&#x661F; ;</subfield>
    <subfield code="v">MS1051X.</subfield>
  </datafield>
  <datafield tag="650" ind1="1" ind2="7">
    <subfield code="2">lcstt</subfield>
    <subfield code="a">&#x904A;&#x8A18;</subfield>
  </datafield>
  <datafield tag="650" ind1="1" ind2="7">
    <subfield code="2">lcstt</subfield>
    <subfield code="a">&#x5546;&#x5E97;</subfield>
  </datafield>
  <datafield tag="651" ind1=" " ind2="7">
    <subfield code="2">lcstt</subfield>
    <subfield code="a">&#x81FA;&#x5357;&#x5E02;</subfield>
  </datafield>
  <datafield tag="942" ind1=" " ind2=" ">
    <subfield code="2">ccl</subfield>
    <subfield code="c">BOOK</subfield>
  </datafield>
  <datafield tag="999" ind1=" " ind2=" ">
    <subfield code="c">7667</subfield>
    <subfield code="d">7667</subfield>
  </datafield>
  <datafield tag="952" ind1=" " ind2=" ">
    <subfield code="0">0</subfield>
    <subfield code="1">0</subfield>
    <subfield code="2">ccl</subfield>
    <subfield code="4">0</subfield>
    <subfield code="7">0</subfield>
    <subfield code="a">yeezen</subfield>
    <subfield code="b">yeezen</subfield>
    <subfield code="c">YEEZEN</subfield>
    <subfield code="d">2025-07-29</subfield>
    <subfield code="l">1</subfield>
    <subfield code="o">733.9/127.69</subfield>
    <subfield code="p">C03253</subfield>
    <subfield code="r">2025-10-07 00:00:00</subfield>
    <subfield code="s">2025-10-01</subfield>
    <subfield code="w">2025-07-29</subfield>
    <subfield code="y">BOOK</subfield>
    <subfield code="z">&#x820A;&#x7A31;&#x300C;&#x672C;&#x753A;&#x300D;&#x7684;&#x53F0;&#x5357;&#x6C11;&#x6B0A;&#x8DEF;&#x548C;&#x65B0;&#x7F8E;&#x8857;,&#x662F;&#x53F0;&#x5357;&#x4EBA;&#x98DF;&#x8863;&#x4F4F;&#x884C;&#x96E2;&#x4E0D;&#x958B;&#x7684;&#x4E00;&#x689D;&#x8001;&#x8857;&#x3001;&#x4E5F;&#x662F;&#x53F0;&#x5357;&#x300C;&#x6700;&#x591A;&#x8001;&#x5E97;&#x96C6;&#x4E2D;&#x300D;&#x7684;&#x9B27;&#x5340;!&#x6253;&#x5F9E;&#x660E;&#x6E05;&#x958B;&#x59CB;&#x3001;&#x6B77;&#x7D93;&#x65E5;&#x672C;&#x7D71;&#x6CBB;,&#x4E00;&#x76F4;&#x5230;&#x5149;&#x5FA9;&#x521D;&#x671F;&#x90FD;&#x662F;&#x53F0;&#x5357;&#x6700;&#x7E41;&#x69AE;&#x7684;&#x7CBE;&#x83EF;&#x5730;&#x6BB5;,&#x50B3;&#x627F;&#x767E;&#x5E74;&#x81F3;&#x4ECA;,&#x6416;&#x8EAB;&#x6210;&#x70BA;&#x5168;&#x570B;&#x8001;&#x884C;&#x696D;&#x8207;&#x8001;&#x5E97;&#x5206;&#x5E03;&#x6700;&#x591A;&#x7684;&#x8857;&#x5340;&#x3002;</subfield>
  </datafield>
</record>
